| 000 | 00409nam a22001698a 4500 | ||
|---|---|---|---|
| 020 | _a0471624047 | ||
| 040 | _cDLC | ||
| 082 | _a551 WIL 1990 A057 Or. | ||
| 100 | 1 | _aWanielista, Martin P | |
| 245 | 1 | 0 | _aHydrology and water quantity control / |
| 260 |
_aNew York : _bWiley, _cc1990 |
||
| 300 |
_a2 v. : _bill. ; _c25 cm |
||
| 650 | 0 | _aWater-supply | |
| 650 | 0 | _aHydrology | |
| 650 | 0 | _aRunoff | |
| 942 | _cEK | ||
| 999 |
_c14113 _d14113 |
||